<?xml version="1.0" encoding="UTF-8"?>
<record
    xmlns:xsi="http://www.w3.org/2001/XMLSchema-instance"
    xsi:schemaLocation="http://www.loc.gov/MARC21/slim http://www.loc.gov/standards/marcxml/schema/MARC21slim.xsd"
    xmlns="http://www.loc.gov/MARC21/slim">

  <leader>00393    a2200109   4500</leader>
  <controlfield tag="001">ART_52716</controlfield>
  <controlfield tag="005">20260410162034.0</controlfield>
  <controlfield tag="008">260409a                                 </controlfield>
  <datafield tag="245" ind1="1" ind2="0">
    <subfield code="a">Ganancias. Empleados en relaci&#xF3;n de dependencia. Reglamentaci&#xF3;n de las modificaciones para el per&#xED;odo 2021</subfield>
  </datafield>
  <datafield tag="100" ind1="1" ind2=" ">
    <subfield code="a">De Luca, Lorena F.</subfield>
  </datafield>
  <datafield tag="773" ind1="0" ind2=" ">
    <subfield code="t">Liquidaci&#xF3;n de sueldos</subfield>
    <subfield code="g">- N&#xB0; 182 (jul. 2021)</subfield>
    <subfield code="w">REV44399</subfield>
  </datafield>
  <datafield tag="999" ind1=" " ind2=" ">
    <subfield code="c">34315</subfield>
    <subfield code="d">34315</subfield>
  </datafield>
</record>
